00649nam a22001817a 450000500170000001000150001702000300003203500140006203700130007608200130008910000210010224500890012326000410021227000810025330000820033450000310041670000200044720210309153310.0 aENG-129178 a978-81-237-9191-3c145.00 aEN-112710 bDBAD/PUB a616.2414 aNagpal, Jitendra aVulnerable in Autumn: understanding the elderly/cJitendra Nagpal and Aprajita Dixit aNew DelhibNational Book Trustc2020 bNew Delhie110070aNehru Bhawan, 5 Institutional Area, Phase-II, Vasant Kunj axxvi+94p.c21cm(pbk)bIncluding illustrations and bibliographical references. aillustration: Alay Ghoshal aDixit, Aprajita